[Event "TUR Cup"]
[Site "Antalya"]
[Date "2020.01.27"]
[Round "3"]
[White "Eren, Ataberk"]
[Black "Koc, Ilkay"]
[Result "1-0"]
[WhiteElo "2274"]
[BlackElo "2007"]
[PlyCount "115"]
[EventDate "2020.01.26"]
[EventType "swiss"]
[EventRounds "11"]
[EventCountry "TUR"]
[SourceTitle "CBM 194 Extra"]
[Source "ChessBase"]
[SourceDate "2020.03.31"]
[SourceVersion "1"]
[SourceVersionDate "2020.03.31"]
[SourceQuality "1"]

1. Nf3 d5 2. d4 e6 3. c4 Nf6 4. Nc3 Be7 5. Bg5 h6 6. Bh4 0-0 7. e3 b6 8. cxd5 Nxd5 9. Bxe7 Qxe7 10. Nxd5 exd5 11. Qb3 c5 12. Qa3 Nd7 13. Bb5 Bb7 14. 0-0 Nf6 15. Rac1 Rfc8 16. Rfd1 a6 17. Bf1 Kf8 18. dxc5 bxc5 19. Ne1 Ne4 20. Nd3 c4 21. Qxe7+ Kxe7 22. Nf4 Rc5 23. g3 g5 24. Ne2 Ra5 25. a3 Bc8 26. Bg2 Be6 27. Nd4 Rc8 28. Nxe6 fxe6 29. Bxe4 dxe4 30. Rd4 c3 31. Rxc3 Rxc3 32. bxc3 Rxa3 33. c4 Rc3 34. Rxe4 a5 35. Kg2 Kf6 36. Kf3 e5 37. h3 Rc2 38. h4 Kf5 39. g4+ Ke6 40. h5 Kd6 41. Kg3 Rc3 42. Kg2 Rc2 43. Kf3 Ke6 44. Kg3 Rc3 45. Kg2 Rc2 46. Kf1 Rc1+ 47. Ke2 Rc2+ 48. Ke1 Kd6 49. Kf1 Rc1+ 50. Ke2 Rc2+ 51. Ke1 Ra2 52. f3 Ra1+ 53. Kd2 Ra2+ 54. Kd3 Rf2 55. c5+ Kxc5 56. Rxe5+ Kb4 57. Ke4 a4 58. Re6 1-0

[Event "TUR Cup"]
[Site "Antalya"]
[Date "2020.01.26"]
[Round "1"]
[White "Koc, Aylin"]
[Black "Koc, Ilkay"]
[Result "0-1"]
[WhiteElo "1500"]
[BlackElo "2007"]
[PlyCount "120"]
[EventDate "2020.01.26"]
[EventType "swiss"]
[EventRounds "11"]
[EventCountry "TUR"]
[SourceTitle "CBM 194 Extra"]
[Source "ChessBase"]
[SourceDate "2020.03.31"]
[SourceVersion "1"]
[SourceVersionDate "2020.03.31"]
[SourceQuality "1"]

1. e4 d5 2. exd5 Nf6 3. Bc4 Bg4 4. Nf3 Nxd5 5. d4 e6 6. c3 Nd7 7. h3 Bh5 8. Bxd5 exd5 9. 0-0 Be7 10. Re1 0-0 11. Nbd2 Nf6 12. Nf1 Ne4 13. Ng3 Nxg3 14. fxg3 c5 15. Qe2 Bd6 16. Bf4 cxd4 17. Bxd6 Qxd6 18. g4 Bg6 19. Nxd4 Be4 20. Nf5 Qd7 21. Qf2 Rfe8 22. Rad1 b5 23. Ng3 Bg6 24. Rxe8+ Rxe8 25. Qd4 h6 26. Kf2 Qe7 27. Qf4 Qe6 28. h4 b4 29. h5 Bc2 30. Rc1 bxc3 31. bxc3 Bd3 32. Kg1 Qb6+ 33. Qf2 Rc8 34. Qxb6 axb6 35. Kf2 Ra8 36. Ra1 Ra3 37. Ke3 Rxc3 38. Kd4 Ra3 39. Kxd5 b5 40. Kc5 Kh7 41. Nf5 Be2 42. Nd6 Rc3+ 43. Kb4 Rg3 44. Nxb5 Rxg4+ 45. Ka5 Rxg2 46. a4 Bxh5 47. Kb4 f5 48. a5 Bf3 49. Nd4 Be4 50. a6 Rb2+ 51. Kc3 Rb8 52. a7 Rc8+ 53. Kd2 f4 54. Ke2 g5 55. Nb5 Ba8 56. Rd1 Bc6 57. Nd4 Be4 58. Ra1 g4 59. Nb5 Ba8 60. Rd1 Bf3+ 0-1

[Event "TUR Cup"]
[Site "Antalya"]
[Date "2019.02.03"]
[Round "11"]
[White "Ozturk, Oguzhan"]
[Black "Koc, Ilkay"]
[Result "0-1"]
[WhiteElo "1528"]
[BlackElo "2000"]
[PlyCount "86"]
[EventDate "2019.01.27"]
[EventType "swiss"]
[EventRounds "11"]
[EventCountry "TUR"]
[SourceTitle "CBM 188 Extra"]
[Source "ChessBase"]
[SourceDate "2019.02.26"]
[SourceVersion "1"]
[SourceVersionDate "2019.02.26"]
[SourceQuality "1"]

1. d4 Nf6 2. Bg5 Ne4 3. Bf4 c5 4. f3 Nf6 5. d5 e6 6. c4 Nh5 7. Bg3 Nxg3 8. hxg3 exd5 9. Qxd5 Nc6 10. Nc3 d6 11. e3 Be6 12. Qd2 Qa5 13. Nh3 0-0-0 14. Nf4 g5 15. Nfd5 Bg7 16. Be2 h6 17. Kf2 Rhe8 18. a3 Ne7 19. b4 Qa6 20. Rab1 f5 21. Rb3 f4 22. gxf4 gxf4 23. e4 Bxd5 24. cxd5 c4 25. Rbb1 Qb6+ 26. Kf1 Kb8 27. a4 Ng6 28. b5 Qa5 29. Rc1 Rc8 30. Kf2 Rh8 31. Qc2 Bd4+ 32. Kf1 Ne5 33. Na2 h5 34. Rd1 Be3 35. Rb1 h4 36. b6 a6 37. Nc3 h3 38. gxh3 Rcg8 39. Ke1 Rg2 40. Kd1 Nxf3 41. Rf1 Nd4 42. Qb2 f3 43. Qa3 fxe2+ 0-1

[Event "TUR Cup"]
[Site "Antalya"]
[Date "2019.02.01"]
[Round "9"]
[White "Korkmaz, Necmettin"]
[Black "Koc, Ilkay"]
[Result "1-0"]
[WhiteElo "2053"]
[BlackElo "2000"]
[PlyCount "101"]
[EventDate "2019.01.27"]
[EventType "swiss"]
[EventRounds "11"]
[EventCountry "TUR"]
[SourceTitle "CBM 188 Extra"]
[Source "ChessBase"]
[SourceDate "2019.02.26"]
[SourceVersion "1"]
[SourceVersionDate "2019.02.26"]
[SourceQuality "1"]

1. e4 d5 2. exd5 Nf6 3. Nf3 Nxd5 4. d4 Bf5 5. Bd3 Bxd3 6. Qxd3 e6 7. 0-0 Nd7 8. Re1 Be7 9. c4 N5f6 10. Qb3 Rb8 11. Nc3 0-0 12. h3 a6 13. a4 h6 14. Be3 c5 15. Bf4 Rc8 16. d5 exd5 17. cxd5 c4 18. Qxb7 Bc5 19. Qxa6 g5 20. Be3 Bb4 21. Bd4 Kh7 22. Ne5 Bxc3 23. Bxc3 Nxd5 24. Nxd7 Qxd7 25. Rad1 Rc6 26. Qb5 Nxc3 27. Rxd7 Nxb5 28. axb5 Rb6 29. Re5 Kg6 30. Rc7 f6 31. Rd5 Re8 32. g4 h5 33. Rxc4 hxg4 34. hxg4 Re2 35. b4 Rb2 36. Rd7 Re2 37. Rcc7 f5 38. Rg7+ Kh6 39. gxf5 Kh5 40. Rc4 Kh6 41. Rg6+ Rxg6 42. fxg6 Kxg6 43. Rc6+ Kf5 44. b6 Re7 45. Kg2 Kg4 46. Rc4+ Kh5 47. Rc5 Rb7 48. Rb5 Kg4 49. f3+ Kf4 50. Kf2 Rb8 51. b7 1-0

[Event "TUR Cup"]
[Site "Antalya"]
[Date "2019.01.31"]
[Round "7"]
[White "Sevgi, Volkan"]
[Black "Koc, Ilkay"]
[Result "1-0"]
[WhiteElo "2292"]
[BlackElo "2000"]
[PlyCount "51"]
[EventDate "2019.01.27"]
[EventType "swiss"]
[EventRounds "11"]
[EventCountry "TUR"]
[SourceTitle "CBM 188 Extra"]
[Source "ChessBase"]
[SourceDate "2019.02.26"]
[SourceVersion "1"]
[SourceVersionDate "2019.02.26"]
[SourceQuality "1"]

1. e4 c5 2. Nc3 a6 3. g4 b5 4. Bg2 Bb7 5. d3 d6 6. Nh3 e6 7. 0-0 Nc6 8. Be3 Nf6 9. g5 Nd7 10. f4 Nd4 11. Ne2 Nxe2+ 12. Qxe2 Qc7 13. c3 Nb6 14. d4 d5 15. f5 cxd4 16. cxd4 Qc4 17. Qf2 dxe4 18. Rac1 Qxa2 19. d5 Nxd5 20. fxe6 f6 21. Bxe4 Be7 22. Bc5 Qb3 23. Rc3 Rc8 24. Bxe7 Rxc3 25. bxc3 Kxe7 26. Qa7 1-0

[Event "TUR Cup"]
[Site "Antalya"]
[Date "2019.01.29"]
[Round "4"]
[White "Koc, Ilkay"]
[Black "Eldemir, Goksu"]
[Result "1-0"]
[WhiteElo "2000"]
[BlackElo "1876"]
[PlyCount "61"]
[EventDate "2019.01.27"]
[EventType "swiss"]
[EventRounds "11"]
[EventCountry "TUR"]
[SourceTitle "CBM 188 Extra"]
[Source "ChessBase"]
[SourceDate "2019.02.26"]
[SourceVersion "1"]
[SourceVersionDate "2019.02.26"]
[SourceQuality "1"]

1. d4 Nf6 2. c4 Nc6 3. Nf3 e6 4. a3 d6 5. Nc3 e5 6. d5 Ne7 7. e4 Ng6 8. Be2 Be7 9. h4 h5 10. Ng5 Ng4 11. g3 c6 12. f3 Nh6 13. Qc2 Bd7 14. Bd2 Qc8 15. f4 exf4 16. gxf4 Ng4 17. Bd3 Bxg5 18. hxg5 Qc7 19. e5 Ne7 20. Ne4 cxd5 21. Nxd6+ Kf8 22. c5 b6 23. b4 Nc6 24. 0-0 g6 25. Qb2 bxc5 26. bxc5 Rb8 27. Nb5 Qc8 28. e6 Nce5 29. exd7 Qxc5+ 30. Kh1 d4 31. Bb4 1-0

[Event "TUR Cup										"]
[Site "Antalya"]
[Date "2018.02.02"]
[Round "10"]
[White "Mataraci, Omer Baransel"]
[Black "Koc, Ilkay"]
[Result "1-0"]
[WhiteElo "1694"]
[BlackElo "2036"]
[PlyCount "91"]
[EventDate "2018.01.27"]
[EventType "swiss"]
[EventRounds "11"]
[EventCountry "TUR"]
[SourceTitle "CBM 182 Extra"]
[Source "ChessBase"]
[SourceDate "2018.02.23"]
[SourceVersion "1"]
[SourceVersionDate "2018.02.23"]
[SourceQuality "1"]

1. c4 Nf6 2. Nc3 g6 3. g3 Bg7 4. Bg2 0-0 5. Nf3 d6 6. d4 c6 7. 0-0 Nbd7 8. e4 e5 9. dxe5 dxe5 10. b3 Qe7 11. Qc2 Re8 12. a4 Nf8 13. Ba3 c5 14. a5 Qc7 15. Nb5 Qe7 16. Rad1 b6 17. Bb2 Bg4 18. a6 Ne6 19. Nc3 Nd4 20. Qd3 Rad8 21. Nd5 Nxd5 22. cxd5 f5 23. Nxd4 exd4 24. Rde1 fxe4 25. Rxe4 Qd7 26. Rfe1 Bf5 27. Rxe8+ Rxe8 28. Be4 Qe7 29. f3 Bh6 30. Kg2 Bd7 31. b4 Qd6 32. Qc4 Bd2 33. bxc5 bxc5 34. Rb1 Bb4 35. Bxd4 Bc8 36. Rxb4 cxb4 37. Bb2 Bxa6 38. Qd4 Re7 39. Qh8+ Kf7 40. Bg7 Rxe4 41. fxe4 Qc5 42. Bd4 Qc2+ 43. Kf3 Qe2+ 44. Kf4 Qf1+ 45. Ke5 Qc4 46. Kd6 1-0

[Event "TUR Cup										"]
[Site "Antalya"]
[Date "2018.01.31"]
[Round "7"]
[White "Koc, Ilkay"]
[Black "Yilmaz, Turhan"]
[Result "0-1"]
[WhiteElo "2036"]
[BlackElo "2248"]
[PlyCount "98"]
[EventDate "2018.01.27"]
[EventType "swiss"]
[EventRounds "11"]
[EventCountry "TUR"]
[SourceTitle "CBM 182 Extra"]
[Source "ChessBase"]
[SourceDate "2018.02.23"]
[SourceVersion "1"]
[SourceVersionDate "2018.02.23"]
[SourceQuality "1"]

1. d4 Nf6 2. c4 c5 3. d5 e6 4. Nc3 exd5 5. cxd5 d6 6. e4 g6 7. f4 Bg7 8. Bb5+ Nfd7 9. Nf3 0-0 10. 0-0 a6 11. Bd3 b5 12. Kh1 c4 13. Bc2 b4 14. Na4 Nb6 15. Nxb6 Qxb6 16. f5 Nd7 17. Qe1 c3 18. b3 a5 19. Be3 Qd8 20. Bg5 Bf6 21. Qh4 Ba6 22. e5 dxe5 23. Bxf6 Nxf6 24. Rf2 Nh5 25. Qh3 Qb6 26. Kg1 Ra7 27. Ng5 Bc8 28. Raf1 f6 29. Ne6 Bxe6 30. dxe6 Nf4 31. Qf3 gxf5 32. Bxf5 Rg7 33. Kh1 Kh8 34. g3 Nxe6 35. Qh5 Ng5 36. h4 Ne6 37. Qh6 Qd6 38. Be4 Qd4 39. Bf5 Qd7 40. Kh2 Rgf7 41. Bg6 Re7 42. Bf5 Qd8 43. Kh3 Nd4 44. Bg6 Rg7 45. Be4 Rfg8 46. Rxf6 Rxg3+ 47. Kh2 Qd7 48. Bf5 Qb7 49. Bh3 Rxh3+ 0-1

[Event "TUR Cup										"]
[Site "Antalya"]
[Date "2018.01.28"]
[Round "3"]
[White "Koc, Ilkay"]
[Black "Durak, Ahmet"]
[Result "1-0"]
[WhiteElo "2036"]
[BlackElo "1647"]
[PlyCount "61"]
[EventDate "2018.01.27"]
[EventType "swiss"]
[EventRounds "11"]
[EventCountry "TUR"]
[SourceTitle "CBM 182 Extra"]
[Source "ChessBase"]
[SourceDate "2018.02.23"]
[SourceVersion "1"]
[SourceVersionDate "2018.02.23"]
[SourceQuality "1"]

1. d4 Nf6 2. c4 e6 3. Nc3 Bb4 4. e3 b6 5. Bd3 Bb7 6. Nge2 0-0 7. 0-0 d5 8. cxd5 exd5 9. a3 Bd6 10. Ng3 Re8 11. b4 Nbd7 12. Bb2 a6 13. Rc1 Rc8 14. Nf5 Bf8 15. Qe2 Nb8 16. Rfd1 c5 17. dxc5 bxc5 18. b5 Qb6 19. Na4 Qe6 20. Qf3 Ne4 21. Qh3 c4 22. Bb1 Nd7 23. Nc3 axb5 24. Nxe4 dxe4 25. Rxd7 c3 26. Bxc3 Bxa3 27. Rf1 Bc6 28. Ra7 Bf8 29. Ba2 Bd5 30. Bxd5 Qxd5 31. Bxg7 1-0

[Event "TUR Cup										"]
[Site "Antalya"]
[Date "2018.01.27"]
[Round "1"]
[White "Koc, Ilkay"]
[Black "Senocak, Metin"]
[Result "1-0"]
[WhiteElo "2036"]
[BlackElo "1641"]
[PlyCount "53"]
[EventDate "2018.01.27"]
[EventType "swiss"]
[EventRounds "11"]
[EventCountry "TUR"]
[SourceTitle "CBM 182 Extra"]
[Source "ChessBase"]
[SourceDate "2018.02.23"]
[SourceVersion "1"]
[SourceVersionDate "2018.02.23"]
[SourceQuality "1"]

1. d4 Nf6 2. c4 c5 3. d5 d6 4. Nc3 e6 5. e4 exd5 6. cxd5 g6 7. f4 Bg7 8. Bb5+ Bd7 9. e5 Qe7 10. Qe2 dxe5 11. fxe5 Bxb5 12. Nxb5 Nxd5 13. Nd6+ Kf8 14. Nf3 Nc6 15. 0-0 h6 16. Qe4 Nb6 17. Nh4 Kg8 18. Nxf7 g5 19. Ng6 Qe6 20. Ngxh8 Bxh8 21. Nxh8 Kxh8 22. Rf6 Qxe5 23. Rxh6+ Kg8 24. Qg6+ Qg7 25. Qe6+ Qf7 26. Rg6+ Kf8 27. Rf6 1-0

[Event "TUR-chT 1st League"]
[Site "Konya"]
[Date "2017.07.21"]
[Round "7.1"]
[White "Koc, Ilkay"]
[Black "Keler, Faruk"]
[Result "0-1"]
[WhiteElo "2074"]
[BlackElo "2262"]
[PlyCount "94"]
[EventDate "2017.07.17"]
[EventType "team-swiss"]
[EventRounds "9"]
[EventCountry "TUR"]
[SourceTitle "CBM 179 Extra"]
[Source "ChessBase"]
[SourceDate "2017.08.23"]
[SourceVersion "1"]
[SourceVersionDate "2017.08.23"]
[SourceQuality "1"]
[WhiteTeam "Karman Masterler"]
[BlackTeam "Izmir Rota Koleji"]
[WhiteTeamCountry "TUR"]
[BlackTeamCountry "TUR"]

1. e4 c5 2. Nf3 d6 3. d4 cxd4 4. Nxd4 Nf6 5. Nc3 a6 6. Bg5 Nbd7 7. Bc4 Qb6 8. Bb3 e6 9. Qd2 Be7 10. 0-0-0 Nc5 11. f3 Bd7 12. Kb1 Qc7 13. Qe2 0-0 14. f4 Bc6 15. e5 dxe5 16. fxe5 Nfe4 17. Bxe7 Nxc3+ 18. bxc3 Qxe7 19. Nxc6 bxc6 20. Rd6 a5 21. a4 Rfb8 22. Qc4 Nxb3 23. cxb3 Qg5 24. Re1 Qxg2 25. h4 Rb6 26. Red1 h5 27. R1d2 Qf3 28. Ka2 Rab8 29. Rd8+ Rxd8 30. Rxd8+ Kh7 31. Qc5 Qg2+ 32. Ka3 Rb7 33. Rd6 Qh1 34. Ka2 Qxh4 35. Rd2 Qf4 36. Rc2 Qe4 37. Rd2 h4 38. Qxa5 Qf4 39. c4 Qe3 40. Rb2 Rd7 41. Qa6 Rd2 42. Qxc6 Rxb2+ 43. Kxb2 Qe2+ 44. Ka3 h3 45. Qh1 Qg2 46. Qb1+ Kh8 47. Qd1 h2 0-1

[Event "TUR Cup"]
[Site "Antalya"]
[Date "2017.02.02"]
[Round "9"]
[White "Gazioglu, Halit"]
[Black "Koc, Ilkay"]
[Result "0-1"]
[WhiteElo "1890"]
[BlackElo "2050"]
[PlyCount "72"]
[EventDate "2017.01.28"]
[EventType "swiss"]
[EventRounds "11"]
[EventCountry "TUR"]
[SourceTitle "CBM 176 Extra"]
[Source "ChessBase"]
[SourceDate "2017.03.02"]
[SourceVersion "1"]
[SourceVersionDate "2017.03.02"]
[SourceQuality "1"]

1. d4 Nf6 2. c4 e6 3. Nc3 Bb4 4. Qc2 0-0 5. a3 Bxc3+ 6. Qxc3 Ne4 7. Qc2 f5 8. e3 b6 9. Nf3 d6 10. Bd3 Bb7 11. b4 Nd7 12. Bb2 Qe7 13. h4 Ndf6 14. Ng5 Ng4 15. Bxe4 fxe4 16. Rf1 h6 17. Nh3 e5 18. d5 c6 19. dxc6 Bxc6 20. Rd1 Rad8 21. g3 Nh2 22. Rh1 Nf3+ 23. Kf1 Qf7 24. b5 Bd7 25. Kg2 Qg6 26. Ng1 Rc8 27. Qb3 Be6 28. Qb4 Rxc4 29. Qxd6 Rc2 30. Nxf3 Rxf3 31. Rd2 Rxb2 32. h5 Rxd2 33. Qxd2 Qf6 34. Rc1 Bg4 35. Rc6 Qf7 36. Qc2 Rf5 0-1

[Event "TUR Cup"]
[Site "Antalya"]
[Date "2017.01.31"]
[Round "5"]
[White "Koksal, Ege"]
[Black "Koc, Ilkay"]
[Result "1-0"]
[WhiteElo "2344"]
[BlackElo "2050"]
[PlyCount "67"]
[EventDate "2017.01.28"]
[EventType "swiss"]
[EventRounds "11"]
[EventCountry "TUR"]
[SourceTitle "CBM 176 Extra"]
[Source "ChessBase"]
[SourceDate "2017.03.02"]
[SourceVersion "1"]
[SourceVersionDate "2017.03.02"]
[SourceQuality "1"]

1. e4 d6 2. d4 Nf6 3. Nc3 c6 4. Bg5 Nbd7 5. Nf3 Qc7 6. a4 e5 7. Be2 Be7 8. 0-0 h6 9. Bh4 Nf8 10. Bc4 Ng6 11. Bg3 0-0 12. h3 Nh5 13. Nxe5 Nxe5 14. Bxe5 dxe5 15. Qxh5 exd4 16. Ne2 c5 17. Ng3 Be6 18. b3 Bxc4 19. bxc4 Bg5 20. Rab1 Rfe8 21. Qg4 Re6 22. f4 Rg6 23. Nf5 Be7 24. Qf3 Bf8 25. e5 Rb8 26. Qd5 Rc6 27. Rb3 Rd8 28. Rxb7 Qxb7 29. Qxd8 Re6 30. Qd5 Qb2 31. Nd6 Re7 32. f5 Qc3 33. f6 gxf6 34. Nxf7 1-0

[Event "TUR-chT2"]
[Site "Konya"]
[Date "2016.07.22"]
[Round "9.3"]
[White "Ozalp, Burak"]
[Black "Koc, Ilkay"]
[Result "1-0"]
[WhiteElo "2169"]
[BlackElo "2069"]
[PlyCount "59"]
[EventDate "2016.07.17"]
[EventType "team-swiss"]
[EventRounds "9"]
[EventCountry "TUR"]
[SourceTitle "CBM 173 Extra"]
[Source "ChessBase"]
[SourceDate "2016.08.29"]
[SourceVersion "1"]
[SourceVersionDate "2016.08.29"]
[SourceQuality "1"]
[WhiteTeam "Burdur Callica"]
[BlackTeam "Karaman Belediye"]
[WhiteTeamCountry "TUR"]
[BlackTeamCountry "TUR"]

1. d4 d6 2. e4 Nf6 3. Nc3 c6 4. Nf3 Bg4 5. Be2 Nbd7 6. 0-0 e5 7. h3 Bxf3 8. Bxf3 Be7 9. a4 0-0 10. a5 Qc7 11. Be3 b5 12. axb6 axb6 13. d5 Rxa1 14. Qxa1 cxd5 15. exd5 Qb7 16. Qa4 Nc5 17. Qc6 Qb8 18. Ra1 Rc8 19. Qb5 g6 20. Ra3 Kg7 21. g4 Ne8 22. b4 Nc7 23. Qe2 Nd7 24. g5 Qb7 25. Bg4 Ne8 26. Nb5 Rc7 27. Nxc7 Qxc7 28. Qb5 f5 29. gxf6+ Nexf6 30. Qc6 1-0

[Event "TUR-chT2"]
[Site "Konya"]
[Date "2016.07.18"]
[Round "3.3"]
[White "Zeydan, Salih"]
[Black "Koc, Ilkay"]
[Result "0-1"]
[WhiteElo "1989"]
[BlackElo "2069"]
[PlyCount "100"]
[EventDate "2016.07.17"]
[EventType "team-swiss"]
[EventRounds "9"]
[EventCountry "TUR"]
[SourceTitle "CBM 173 Extra"]
[Source "ChessBase"]
[SourceDate "2016.08.29"]
[SourceVersion "1"]
[SourceVersionDate "2016.08.29"]
[SourceQuality "1"]
[WhiteTeam "Istanbul Darussafaka"]
[BlackTeam "Karaman Belediye"]
[WhiteTeamCountry "TUR"]
[BlackTeamCountry "TUR"]

1. e4 d5 2. exd5 Nf6 3. d4 Nxd5 4. Nf3 Bg4 5. Be2 e6 6. 0-0 Be7 7. h3 Bf5 8. a3 0-0 9. c4 Nb6 10. Nc3 N8d7 11. c5 Nc8 12. Bf4 c6 13. Rc1 h6 14. Qb3 b6 15. Ba6 bxc5 16. Bb7 Nd6 17. Bxa8 Qxa8 18. Na4 c4 19. Qe3 Bd3 20. Bxd6 Bxd6 21. Rfd1 Qb8 22. Rc3 Nf6 23. Rcxd3 Nd5 24. Qd2 cxd3 25. Qxd3 a5 26. Rc1 Qb7 27. Qc4 Rc8 28. Rc2 Ne7 29. Nc5 Qb5 30. Ne4 Bb8 31. Nc5 Bd6 32. Ne4 Qxc4 33. Rxc4 Bc7 34. b4 Rb8 35. g3 axb4 36. axb4 Rb6 37. Ne1 Nd5 38. Nd3 Kf8 39. Nc3 Bd6 40. Ne4 Bxb4 41. Nxb4 Rxb4 42. Rxc6 Rxd4 43. Nc3 Nb4 44. Rb6 Rc4 45. Ne2 g5 46. Rd6 Nd5 47. Kg2 Rc2 48. Nd4 Rd2 49. Rd8+ Kg7 50. Kf3 Rxd4 0-1